000 00574nam a2200181Ia 4500
008 100920s9999 xx 000 0 und d
082 _b98037
_a891.43 न 04
100 _aराजेशकुमार.
245 _aझोपडपट्टी.
260 _bआधार प्रकाशन पंचकुळा (हरियाणा ).
_c2004
300 _a68
_bसाधी
365 _b40
520 _aहिंदी.
630 _aझोपडपट्टी.
650 _aहिंदी.
730 _aझोपडपट्टी.
942 _cBOOK
999 _c738475
_d738472